000 00497nam a2200193Ia 4500
005 20250129012600.0
008 240331s9999 xx 000 0 und d
020 _a0415166705
082 _bMIR
_22968
_a304.8
245 0 _aDiaspora and Visual Culture:
_bRepresenting Africans and Jews
260 _aLondon
_aNew York
_bRoutledge
_c2000
300 _axiii, 264 p.,
650 _aDiaspora
650 _aJews
650 _aAfrican
650 _aCulture
700 _aM, Nicholas
_eedt
942 _cL
999 _c1432
_d1432